| 000 | 00416nam a2200157Ia 4500 | ||
|---|---|---|---|
| 008 | 131103s9999 xx 000 0 und d | ||
| 040 | _aLoreto College | ||
| 041 | _aEnglish | ||
| 082 |
_aCHBK- _b1/BOR LCBED/19507 |
||
| 245 | _aTales from the Arabian nights | ||
| 260 |
_aDelhi _bOxford University Press _c1983 |
||
| 300 |
_a56p. _b ill. _c 21cm. |
||
| 650 | _aCHBK- 1 | ||
| 850 | _aLCBED/CHBK- 1/BOR | ||
| 942 | _cBK | ||
| 999 |
_c31071 _d81550 |
||